000 00871cas a22002295a 4500
001 E147831
008 090623c2007 xxkmr w s 000 0 eng d
035 _a(Sirsi) u147831
041 0 _aeng
050 0 4 _a333.32 $2 18
110 2 _aREITS and Quoted Property Group
245 0 0 _aRisk & manage
_bthe real estate markets and property derivatives newsletter
_h[electronic resource]
260 _aLondon
_bREITA
_c2007-
362 0 _aJune 2007-
490 0 _aRisk and manage
_bthe real estate markets and property derivatives newsletter
520 _aReviews the latest global developments in the global property derivatives market.
554 _a12 per year
651 4 _aInternational
690 _aPROPERTY-COMMERCIAL PROPERTY-COMMERCIAL PROPERTY MARKET
856 4 0 _uhttps://www.reita.org/
_zView the newsletter free of charge at www.reita.org...
942 _n0
999 _c119231
_d119231